<?xml version="1.0" encoding="UTF-8"?>
<record
    xmlns:xsi="http://www.w3.org/2001/XMLSchema-instance"
    xsi:schemaLocation="http://www.loc.gov/MARC21/slim http://www.loc.gov/standards/marcxml/schema/MARC21slim.xsd"
    xmlns="http://www.loc.gov/MARC21/slim">

  <leader>01256nam a2200313 u 4500</leader>
  <controlfield tag="001">637496</controlfield>
  <controlfield tag="005">20260506084728.0</controlfield>
  <controlfield tag="008">001122s2000       ||||||m|         spa  </controlfield>
  <datafield tag="035" ind1=" " ind2=" ">
    <subfield code="a">637496</subfield>
  </datafield>
  <datafield tag="040" ind1=" " ind2=" ">
    <subfield code="c">comduadb</subfield>
  </datafield>
  <datafield tag="041" ind1=" " ind2=" ">
    <subfield code="a">spa</subfield>
  </datafield>
  <datafield tag="080" ind1=" " ind2=" ">
    <subfield code="a">W</subfield>
  </datafield>
  <datafield tag="100" ind1="1" ind2="0">
    <subfield code="a">Betancur Castano, Olga Lucia</subfield>
    <subfield code="4">aut</subfield>
    <subfield code="e">aut</subfield>
    <subfield code="9">521052</subfield>
  </datafield>
  <datafield tag="245" ind1="1" ind2="0">
    <subfield code="a">Identificacion de las condiciones gerenciales y operativas en mercadeo de la E.S.E Hospital San Rafael de Itagui</subfield>
  </datafield>
  <datafield tag="260" ind1=" " ind2=" ">
    <subfield code="a">Medell&#xED;n,</subfield>
    <subfield code="c">2000.</subfield>
  </datafield>
  <datafield tag="300" ind1=" " ind2=" ">
    <subfield code="a">97p. + anexos</subfield>
  </datafield>
  <datafield tag="650" ind1=" " ind2=" ">
    <subfield code="a">Hospital San Rafael (Itag&#xFC;&#xED;)</subfield>
    <subfield code="9">24359</subfield>
  </datafield>
  <datafield tag="650" ind1=" " ind2=" ">
    <subfield code="a">ESE (Empresas Sociales del Estado)</subfield>
    <subfield code="9">50793</subfield>
  </datafield>
  <datafield tag="650" ind1=" " ind2="7">
    <subfield code="a">Mercadeo de servicios</subfield>
    <subfield code="2">lemb</subfield>
    <subfield code="9">59566</subfield>
  </datafield>
  <datafield tag="650" ind1=" " ind2="7">
    <subfield code="a">Promoci&#xF3;n de la salud</subfield>
    <subfield code="2">lemb</subfield>
    <subfield code="9">59985</subfield>
  </datafield>
  <datafield tag="650" ind1=" " ind2="7">
    <subfield code="a">Oferta y demanda</subfield>
    <subfield code="2">lemb</subfield>
    <subfield code="9">1997</subfield>
  </datafield>
  <datafield tag="650" ind1=" " ind2="7">
    <subfield code="a">Administraci&#xF3;n de los servicios de salud</subfield>
    <subfield code="2">dcs</subfield>
    <subfield code="9">853648</subfield>
  </datafield>
  <datafield tag="650" ind1=" " ind2="7">
    <subfield code="a">Calidad de la atenci&#xF3;n de salud</subfield>
    <subfield code="2">dcs</subfield>
    <subfield code="9">237157</subfield>
  </datafield>
  <datafield tag="700" ind1="1" ind2="0">
    <subfield code="a">Cano Orozco, Olga Amparo</subfield>
    <subfield code="4">aut</subfield>
    <subfield code="e">aut</subfield>
    <subfield code="9">333505</subfield>
  </datafield>
  <datafield tag="700" ind1="1" ind2="0">
    <subfield code="a">Guarin Ortiz, Erika Marcela</subfield>
    <subfield code="4">aut</subfield>
    <subfield code="e">aut</subfield>
    <subfield code="9">333506</subfield>
  </datafield>
  <datafield tag="700" ind1="1" ind2="0">
    <subfield code="a">Castro, Carlos</subfield>
    <subfield code="4">ths</subfield>
    <subfield code="e">ths</subfield>
  </datafield>
  <datafield tag="942" ind1=" " ind2=" ">
    <subfield code="c">TESIS</subfield>
  </datafield>
  <datafield tag="999" ind1=" " ind2=" ">
    <subfield code="c">167908</subfield>
    <subfield code="d">167908</subfield>
  </datafield>
  <datafield tag="500" ind1=" " ind2=" ">
    <subfield code="a">Tesis (Administrador de Salud con &#xC9;nfasis en Gesti&#xF3;n de Servicios de Salud). Universidad de Antioquia. Facultad Nacional de Salud P&#xFA;blica - T&#xED;tulo de la tesis</subfield>
  </datafield>
  <datafield tag="952" ind1=" " ind2=" ">
    <subfield code="0">0</subfield>
    <subfield code="1">0</subfield>
    <subfield code="2">ddc</subfield>
    <subfield code="4">0</subfield>
    <subfield code="7">0</subfield>
    <subfield code="8">SEMIACTIV2</subfield>
    <subfield code="a">BSP</subfield>
    <subfield code="b">BSP</subfield>
    <subfield code="d">2000-11-22</subfield>
    <subfield code="i">C663596</subfield>
    <subfield code="l">0</subfield>
    <subfield code="o">W74 B3-00 e1</subfield>
    <subfield code="p">61000002326268</subfield>
    <subfield code="r">2023-04-23 00:00:00</subfield>
    <subfield code="t">1</subfield>
    <subfield code="w">2023-04-23</subfield>
    <subfield code="y">TESIS</subfield>
  </datafield>
</record>
